000 00270nam a2200097Ia 4500
001 1113185
005 20250827003945.0
008 250824s9999 xx 000 0 und d
245 0 _aASILI DAĞ'IN KAHİNİ
_cVLADİMİR TUMANOV
260 _bGÜNIŞIĞI KİTAPLIĞI YAYINLARI
999 _c1113185
_d1113185